How to fill out a Freddie Mac-Fannie Mae residential appraisal report (FHLMC form 70-FNMA form 1004) /

Bibliographic Details
Main Author: Harrison, Henry S.
Format: Book
Language:English
Published: New Haven, Conn. : Collegiate Pub. Co., [1979]
Series:Harrison's illustrated guide.
Subjects:

MARC

Tag First Indicator Second Indicator Subfields
LEADER 00000cam a2200000 a 4500
001 in00000293000
005 20151010080650.0
008 811014s1979 ctua 00010 eng d
035 |a (OCoLC)07846706 
035 |9 ABF5862AM 
040 |a CLA  |c CLA  |d TXA  |d UtOrBLW 
043 |a n-us--- 
049 |a TXAM  |c [1656240] 
090 |a HD1387  |b  H377 1979 
100 1 |a Harrison, Henry S. 
245 1 0 |a How to fill out a Freddie Mac-Fannie Mae residential appraisal report (FHLMC form 70-FNMA form 1004) /  |c by Henry S. Harrison. 
264 1 |a New Haven, Conn. :  |b  Collegiate Pub. Co.,  |c [1979] 
264 4 |c ©1979 
300 |a 103 pages :  |b illustrations ;  |c 28 cm. 
336 |a text  |b txt  |2 rdacontent 
337 |a unmediated  |b n  |2 rdamedia 
338 |a volume  |b nc  |2 rdacarrier 
490 1 |a Harrison's illustrated guide 
610 2 0 |a Federal National Mortgage Association. 
610 2 0 |a Federal Home Loan Mortgage Corporation. 
650 0 |a Real property  |x Evaluation. 
650 0 |a Mortgage loans  |z United States. 
830 0 |a Harrison's illustrated guide. 
999 |a MARS 
999 f f |s 0fc8a11e-d844-33ef-b954-a91ba138fc08  |i 7202adf6-26d5-317c-9a4a-97544301056c  |t 0 
952 f f |p ric  |a Texas A&M University  |b Rellis Campus  |c Joint Library Facility  |d Remote Storage  |t 0  |e HD1387 H377 1979  |h Library of Congress classification  |i unmediated -- volume  |m A14806405182 
998 f f |a HD1387 H377 1979  |t 0  |l Remote Storage